[Event "Titled Tuesday intern op 30th Apr Early"]
[Site "Chess.com INT"]
[Date "2024.04.30"]
[Round "9"]
[White "Da Silva, Giovanni B Tavares"]
[Black "Batista Rosas, Nicolas Arturo"]
[Result "1-0"]
[WhiteElo "2066"]
[BlackElo "2064"]
[PlyCount "107"]
[EventDate "2024.04.30"]
[EventType "swiss (blitz)"]
[EventRounds "11"]
[EventCountry "USA"]
[SourceTitle "CB19_2024"]
[SourceDate "2024.05.08"]
[SourceVersion "1"]
[SourceVersionDate "2024.05.08"]
[SourceQuality "1"]

1. e4 c6 2. d4 d5 3. Nc3 dxe4 4. Nxe4 Nf6 5. Ng5 h6 6. Nxf7 Kxf7 7. Nf3 Bf5 8. Bc4+ e6 9. Ne5+ Kg8 10. g4 Nxg4 11. Nxg4 Nd7 12. Ne3 Nb6 13. Bb3 Nd5 14. Nxf5 exf5 15. Qf3 Qd7 16. Bf4 Re8+ 17. Be5 Bd6 18. Bxd5+ cxd5 19. Qxd5+ Kh7 20. 0-0-0 Rd8 21. Bxd6 Qxd6 22. Qxf5+ Qg6 23. Qxg6+ Kxg6 24. Rhg1+ Kf6 25. Rd3 g5 26. c3 Rhe8 27. Re3 Rxe3 28. fxe3 Kf5 29. Kd2 Rd7 30. Kd3 h5 31. e4+ Kf4 32. e5 h4 33. h3 Re7 34. Rg4+ Kf5 35. Kc4 b6 36. Kd5 Rd7+ 37. Kc6 Re7 38. Kd6 Re6+ 39. Kd7 b5 40. Rxg5+ Kxg5 41. Kxe6 Kf4 42. Kf6 Kg3 43. e6 Kxh3 44. e7 Kg3 45. e8Q h3 46. Qe3+ Kg2 47. Qg5+ Kh1 48. d5 h2 49. d6 b4 50. c4 a5 51. c5 b3 52. d7 bxa2 53. d8Q a1Q 54. Qdd5# 1-0

[Event "Titled Tuesday intern op 30th Apr Early"]
[Site "Chess.com INT"]
[Date "2024.04.30"]
[Round "5"]
[White "Eilenberg, Jonas"]
[Black "Da Silva, Giovanni B Tavares"]
[Result "1-0"]
[WhiteElo "2290"]
[BlackElo "2066"]
[PlyCount "123"]
[EventDate "2024.04.30"]
[EventType "swiss (blitz)"]
[EventRounds "11"]
[EventCountry "USA"]
[SourceTitle "CB19_2024"]
[SourceDate "2024.05.08"]
[SourceVersion "1"]
[SourceVersionDate "2024.05.08"]
[SourceQuality "1"]

1. e4 c5 2. Nf3 d6 3. Bb5+ Bd7 4. c4 g6 5. Nc3 Nc6 6. 0-0 Nf6 7. Bxc6 Bxc6 8. d4 cxd4 9. Qxd4 Bg7 10. Bg5 0-0 11. Qd3 Rc8 12. Rac1 Qa5 13. Rfd1 Rfd8 14. b3 a6 15. Bd2 Qh5 16. Nd4 Ng4 17. h3 Ne5 18. Qg3 e6 19. Bg5 Re8 20. Be3 Bd7 21. f3 Kh8 22. Nce2 Nc6 23. Nxc6 Rxc6 24. Rxd6 Be5 25. Qxe5+ Qxe5 26. Bd4 Qxd4+ 27. Rxd4 Bc8 28. Rcd1 Kg7 29. Nc3 Kf6 30. b4 Ke7 31. c5 Rc7 32. a4 Bd7 33. Rd6 Rec8 34. Kf2 Be8 35. Rb6 a5 36. bxa5 Rxc5 37. Rxb7+ Kf6 38. Nb5 Ra8 39. Nc7 Bc6 40. Nxa8 Bxb7 41. Nb6 Rxa5 42. Rb1 Bc6 43. Rb4 Ra6 44. Ke3 Ke7 45. Kd4 Kd6 46. e5+ Kc7 47. Kc5 Ra5+ 48. Kd4 Ra6 49. Nc4 Bxa4 50. Nd6 Bc6 51. Nxf7 Ra2 52. Ng5 Rxg2 53. Nxe6+ Kd7 54. Nc5+ Kc8 55. Ke3 Rg3 56. Rf4 Rxh3 57. e6 Kc7 58. Rf6 Rh1 59. Nd3 Rd1 60. e7 Be8 61. Ne5 Rd6 62. Rf8 1-0

[Event "Titled Tuesday intern op 30th Apr Early"]
[Site "Chess.com INT"]
[Date "2024.04.30"]
[Round "8"]
[White "Manfroi, Alexander Giannini1"]
[Black "Da Silva, Giovanni B Tavares"]
[Result "0-1"]
[WhiteElo "1837"]
[BlackElo "2066"]
[PlyCount "90"]
[EventDate "2024.04.30"]
[EventType "swiss (blitz)"]
[EventRounds "11"]
[EventCountry "USA"]
[SourceTitle "CB19_2024"]
[SourceDate "2024.05.08"]
[SourceVersion "1"]
[SourceVersionDate "2024.05.08"]
[SourceQuality "1"]

1. d4 Nf6 2. Bf4 g6 3. Nc3 Bg7 4. e4 d6 5. Qd2 0-0 6. 0-0-0 Nc6 7. f3 Nd7 8. Bh6 e5 9. dxe5 Ndxe5 10. h4 Be6 11. h5 Qd7 12. Bxg7 Kxg7 13. hxg6 fxg6 14. Qh6+ Kg8 15. Bb5 a6 16. Ba4 b5 17. Bb3 Bxb3 18. axb3 Nb4 19. Nh3 Nf7 20. Qh4 a5 21. Nd5 Nxd5 22. Rxd5 c6 23. Ng5 Nxg5 24. Rxg5 Qf7 25. Qg3 a4 26. Rh6 Kg7 27. Rgh5 Rh8 28. Qxd6 gxh5 29. Re6 Rhe8 30. Qe5+ Kg8 31. Qg5+ Kh8 32. Rf6 Qg7 33. Qf5 axb3 34. Rf7 Qg6 35. Qd7 bxc2 36. f4 Rf8 37. Re7 Rae8 38. f5 Qg5+ 39. Kxc2 Qxe7 40. Qd4+ Qe5 41. Qd7 Qxe4+ 42. Kc3 Qxf5 43. Kb4 Qxd7 44. g4 Qd4+ 45. Ka5 Ra8# 0-1

[Event "Titled Tuesday intern op 27th Feb Late"]
[Site "Chess.com INT"]
[Date "2024.02.27"]
[Round "2"]
[White "Da Silva, Giovanni B Tavares"]
[Black "Rozman, Levy"]
[Result "0-1"]
[WhiteElo "2016"]
[BlackElo "2322"]
[PlyCount "48"]
[EventDate "2024.02.27"]
[EventType "swiss (blitz)"]
[EventRounds "11"]
[EventCountry "USA"]
[SourceTitle "CB10_2024"]
[SourceDate "2024.03.06"]
[SourceVersion "1"]
[SourceVersionDate "2024.03.06"]
[SourceQuality "1"]

1. e4 d5 2. exd5 Qxd5 3. d4 e5 4. dxe5 Qxd1+ 5. Kxd1 Nc6 6. Nf3 Bg4 7. Bf4 0-0-0+ 8. Bd3 Nge7 9. Bg3 Ng6 10. Re1 h5 11. h3 Bxf3+ 12. gxf3 h4 13. Bh2 Bc5 14. Nd2 Bxf2 15. Re2 Bg3 16. Bxg6 fxg6 17. c3 Bxh2 18. Rxh2 Nxe5 19. Kc2 Rhf8 20. Rg1 Rd6 21. Rhg2 Nxf3 22. Nxf3 Rxf3 23. Rxg6 Rxg6 24. Rxg6 Rg3 0-1

[Event "Titled Tuesday intern op 13th Feb Early"]
[Site "Chess.com INT"]
[Date "2024.02.13"]
[Round "8"]
[White "Belmonte, Diego Mariano"]
[Black "Da Silva, Giovanni B Tavares"]
[Result "1-0"]
[WhiteElo "2305"]
[BlackElo "2016"]
[PlyCount "109"]
[EventDate "2024.02.13"]
[EventType "swiss (blitz)"]
[EventRounds "11"]
[EventCountry "USA"]
[SourceTitle "CB08_2024"]
[SourceDate "2024.02.21"]
[SourceVersion "1"]
[SourceVersionDate "2024.02.21"]
[SourceQuality "1"]

1. d4 Nf6 2. Bg5 d5 3. e3 Bf5 4. Nd2 e6 5. Ngf3 Nbd7 6. Be2 h6 7. Bh4 c6 8. 0-0 Qc7 9. Bg3 Bd6 10. c4 0-0 11. Rc1 dxc4 12. Bxd6 Qxd6 13. Nxc4 Qb4 14. a3 Qe7 15. h3 Rfd8 16. Qb3 Rab8 17. Rfd1 c5 18. Nce5 Nxe5 19. Nxe5 cxd4 20. Rxd4 Rxd4 21. exd4 Rd8 22. Bf3 Be4 23. Bxe4 Nxe4 24. Qe3 Nd6 25. Qc3 f6 26. Nf3 Qd7 27. Re1 Nb5 28. Qc4 Qd5 29. Qxd5 Rxd5 30. Rxe6 Nxd4 31. Nxd4 Rxd4 32. Re7 Rd1+ 33. Kh2 Rd2 34. Rxb7 Rxf2 35. b4 a6 36. a4 Ra2 37. a5 Ra4 38. Kg3 Kh7 39. Kf4 Kg6 40. Ke4 h5 41. h4 Ra2 42. g3 Ra4 43. Kd5 Ra3 44. Rb6 Rxg3 45. Rxa6 Rg4 46. Rb6 Rxh4 47. a6 Rh1 48. b5 Ra1 49. Rb8 h4 50. Rh8 Kg5 51. Kc6 Rc1+ 52. Kb7 Rb1 53. b6 Kg4 54. a7 Ra1 55. a8Q 1-0

[Event "Titled Tuesday intern op 13th Feb Early"]
[Site "Chess.com INT"]
[Date "2024.02.13"]
[Round "3"]
[White "Da Silva, Giovanni B Tavares"]
[Black "Aadit, Bhatia"]
[Result "1-0"]
[WhiteElo "2016"]
[BlackElo "2169"]
[PlyCount "127"]
[EventDate "2024.02.13"]
[EventType "swiss (blitz)"]
[EventRounds "11"]
[EventCountry "USA"]
[SourceTitle "CB08_2024"]
[SourceDate "2024.02.21"]
[SourceVersion "1"]
[SourceVersionDate "2024.02.21"]
[SourceQuality "1"]

1. e4 e6 2. d4 d5 3. Nd2 dxe4 4. Nxe4 Bd7 5. Nf3 c6 6. Bd3 Be7 7. 0-0 Nf6 8. Bf4 Bc8 9. c3 Nxe4 10. Bxe4 Nd7 11. Re1 Nf6 12. Bc2 0-0 13. Qd3 Re8 14. Bg5 g6 15. Ne5 Nd7 16. Bxe7 Nxe5 17. Rxe5 Rxe7 18. h4 Rd7 19. h5 Rd5 20. Rae1 Bd7 21. hxg6 hxg6 22. Rxd5 exd5 23. Qe3 Qf6 24. Qe7 Qxe7 25. Rxe7 Rd8 26. f4 Kf8 27. Re3 Re8 28. Kf2 Rxe3 29. Kxe3 Ke7 30. Kf3 Be8 31. f5 g5 32. g4 b6 33. Bd3 Kd6 34. b4 a5 35. a3 c5 36. dxc5+ bxc5 37. bxa5 Bc6 38. Ke3 Ke5 39. a6 Ba8 40. a7 Bc6 41. Bb5 Ba8 42. Be8 d4+ 43. cxd4+ cxd4+ 44. Kd3 Be4+ 45. Kc4 d3 46. Kc3 Kf4 47. Bxf7 Ke3 48. Bb3 d2 49. f6 Ke2 50. f7 Bd5 51. f8Q Bxb3 52. Qe7+ Kf2 53. Kxd2 Bd5 54. Qf6+ Kg3 55. Qxg5 Bf3 56. Qe5+ Kxg4 57. Ke3 Bb7 58. Qf4+ Kh5 59. Kd4 Kg6 60. Ke5 Ba8 61. Qg4+ Kf7 62. Qf5+ Ke8 63. Kd6 Kd8 64. Qf8# 1-0

[Event "Titled Tuesday intern op 13th Feb Late"]
[Site "Chess.com INT"]
[Date "2024.02.13"]
[Round "3"]
[White "Da Silva, Giovanni B Tavares"]
[Black "Toniutti, Ezio"]
[Result "0-1"]
[WhiteElo "2016"]
[BlackElo "2204"]
[PlyCount "60"]
[EventDate "2024.02.13"]
[EventType "swiss (blitz)"]
[EventRounds "11"]
[EventCountry "USA"]
[SourceTitle "CB08_2024"]
[SourceDate "2024.02.21"]
[SourceVersion "1"]
[SourceVersionDate "2024.02.21"]
[SourceQuality "1"]

1. e4 e5 2. Nf3 Nc6 3. Bb5 a6 4. Ba4 d6 5. 0-0 Bg4 6. Bxc6+ bxc6 7. c3 Qf6 8. d3 Ne7 9. Nbd2 g5 10. h3 Bd7 11. Nh2 h5 12. Re1 g4 13. hxg4 hxg4 14. Ndf1 Qh4 15. g3 Qh3 16. d4 Ng6 17. b3 Bg7 18. d5 cxd5 19. Qxd5 Rd8 20. Bg5 f6 21. Be3 Ke7 22. c4 Bh6 23. Rad1 Nf4 24. Bxf4 exf4 25. e5 fxe5 26. c5 Be6 27. cxd6+ cxd6 28. Qg2 Qxg2+ 29. Kxg2 f3+ 30. Kg1 Rc8 0-1

[Event "Titled Tuesday intern op 06th Feb Late"]
[Site "Chess.com INT"]
[Date "2024.02.06"]
[Round "6"]
[White "Da Silva, Giovanni B Tavares"]
[Black "Hajiyev, Kanan"]
[Result "0-1"]
[WhiteElo "2016"]
[BlackElo "2081"]
[PlyCount "98"]
[EventDate "2024.02.06"]
[EventType "swiss (blitz)"]
[EventRounds "11"]
[EventCountry "USA"]
[SourceTitle "CB07_2024"]
[SourceDate "2024.02.14"]
[SourceVersion "1"]
[SourceVersionDate "2024.02.14"]
[SourceQuality "1"]

1. e4 c6 2. d4 d5 3. Nc3 a6 4. exd5 cxd5 5. Nf3 Bg4 6. h3 Bh5 7. Be2 Nc6 8. 0-0 e6 9. Bf4 Bd6 10. Ne5 Bxe2 11. Nxe2 Qc7 12. Re1 Nxe5 13. dxe5 Bxe5 14. Bxe5 Qxe5 15. Nc3 Qd6 16. Qxd5 Qxd5 17. Nxd5 0-0-0 18. Ne3 Nf6 19. Rad1 h5 20. Kf1 Kc7 21. c3 b5 22. Ke2 Ne4 23. f3 Nc5 24. b3 Nd7 25. c4 b4 26. Nc2 a5 27. Nd4 Nc5 28. Nb5+ Kc6 29. Ke3 e5 30. g4 hxg4 31. hxg4 Rxd1 32. Rxd1 Rh2 33. Rd6+ Kb7 34. Rd5 Kb6 35. Rd6+ Kb7 36. Rd5 Ne6 37. Rd7+ Kc6 38. Rxf7 Rxa2 39. Re7 Nc5 40. Rxg7 Nxb3 41. Rc7+ Kb6 42. Re7 Rc2 43. Rxe5 Rxc4 44. Nd6 Rc3+ 45. Kf4 Nc5 46. Re2 b3 47. g5 Rc2 48. Re1 Nd3+ 49. Kf5 Nxe1 0-1

[Event "Titled Tuesday intern op 06th Feb Late"]
[Site "Chess.com INT"]
[Date "2024.02.06"]
[Round "10"]
[White "Pein, Jonathan"]
[Black "Da Silva, Giovanni B Tavares"]
[Result "0-1"]
[WhiteElo "2273"]
[BlackElo "2016"]
[PlyCount "70"]
[EventDate "2024.02.06"]
[EventType "swiss (blitz)"]
[EventRounds "11"]
[EventCountry "USA"]
[SourceTitle "CB07_2024"]
[SourceDate "2024.02.14"]
[SourceVersion "1"]
[SourceVersionDate "2024.02.14"]
[SourceQuality "1"]

1. Nf3 c5 2. e4 Nc6 3. Bb5 g6 4. 0-0 Bg7 5. Re1 e5 6. c3 Nge7 7. a3 0-0 8. b4 d6 9. Bb2 a6 10. Bc4 b5 11. Ba2 Bg4 12. h3 Bxf3 13. Qxf3 Kh8 14. d3 f5 15. Nd2 f4 16. Rad1 a5 17. bxc5 dxc5 18. Nb3 Qb6 19. d4 exd4 20. cxd4 cxd4 21. e5 Rad8 22. Qe4 Bxe5 23. Nxd4 Bxd4 24. Rxd4 Rxd4 25. Qd5 Nxd5 26. Bxd5 Rf6 27. Ba2 Kg7 28. h4 Kh6 29. Bc1 Rc4 30. Bd2 Rc2 31. g4 Rxd2 32. g5+ Kg7 33. Be6 Rxe6 34. Rxe6 Qxf2+ 35. Kh1 Qg2# 0-1

[Event "BRA-ch 88th"]
[Site "Recife"]
[Date "2022.12.23"]
[Round "11"]
[White "Da Silva, Giovanni B Tavares"]
[Black "Haraguchi, Diego Sashaki"]
[Result "1/2-1/2"]
[WhiteElo "1819"]
[BlackElo "2057"]
[PlyCount "169"]
[EventDate "2022.12.15"]
[EventType "swiss"]
[EventRounds "11"]
[EventCountry "BRA"]
[SourceTitle "CBM 212 Extra"]
[Source "ChessBase"]
[SourceDate "2023.03.31"]
[SourceVersion "1"]
[SourceVersionDate "2023.03.31"]
[SourceQuality "1"]

1. e4 c5 2. Nf3 d6 3. d4 cxd4 4. Nxd4 Nf6 5. Nc3 a6 6. Be3 e5 7. Nb3 Be6 8. f3 Be7 9. Qd2 Nbd7 10. g4 b5 11. g5 b4 12. Ne2 Nh5 13. Ng3 Nxg3 14. hxg3 a5 15. Nc1 Qc7 16. f4 g6 17. Bd3 Rc8 18. f5 gxf5 19. exf5 Bd5 20. Rh2 Nc5 21. f6 Bf8 22. g6 fxg6 23. Bxg6+ Bf7 24. Bf5 Be6 25. Bxe6 Nxe6 26. Qd5 Qc4 27. Qxc4 Rxc4 28. Nb3 a4 29. Na5 Re4 30. Kd2 d5 31. Rah1 b3 32. axb3 Bb4+ 33. c3 Bxa5 34. Rxh7 Rxh7 35. Rxh7 Bd8 36. f7+ Ke7 37. Bh6 Kf6 38. f8Q+ Nxf8 39. Bxf8 axb3 40. Rb7 Rg4 41. Rxb3 Ke6 42. Bh6 Rxg3 43. Rb8 Bc7 44. Rb7 Kd6 45. Be3 Kc6 46. Ra7 Rg2+ 47. Kc1 Re2 48. Bd2 e4 49. Kd1 Rg2 50. b3 Rg1+ 51. Kc2 Rf1 52. Ra6+ Kd7 53. Ra7 Rf3 54. c4 Kc8 55. cxd5 Rf2 56. Kd1 Rf3 57. Ra4 e3 58. Ba5 Bf4 59. Ke2 Rf2+ 60. Kd3 e2 61. Re4 Bg5 62. Rxe2 Rf1 63. Bc3 Kd7 64. Re6 Be7 65. b4 Rf4 66. b5 Rf1 67. b6 Rb1 68. Kc4 Bd6 69. Bd4 Rb4+ 70. Kd3 Rb5 71. Ke4 Rb4 72. b7 Rxb7 73. Rh6 Rb4 74. Rh7+ Ke8 75. Kd3 Rb5 76. Rh5 Kd7 77. Bc3 Rc5 78. Kd4 Rb5 79. Rh7+ Ke8 80. Ke4 Rb3 81. Bf6 Rb5 82. Ra7 Rc5 83. Kf5 Rc7 84. Rxc7 Bxc7 85. Ke6 1/2-1/2

[Event "BRA-ch 88th"]
[Site "Recife"]
[Date "2022.12.17"]
[Round "4"]
[White "Lima, Darcy Gustavo Macha"]
[Black "Da Silva, Giovanni B Tavares"]
[Result "1-0"]
[WhiteElo "2424"]
[BlackElo "1819"]
[PlyCount "69"]
[EventDate "2022.12.15"]
[EventType "swiss"]
[EventRounds "11"]
[EventCountry "BRA"]
[SourceTitle "CBM 212 Extra"]
[Source "ChessBase"]
[SourceDate "2023.03.31"]
[SourceVersion "1"]
[SourceVersionDate "2023.03.31"]
[SourceQuality "1"]

1. c4 Nf6 2. Nc3 c5 3. Nf3 Nc6 4. g3 g6 5. Bg2 Bg7 6. d4 cxd4 7. Nxd4 0-0 8. 0-0 Nxd4 9. Qxd4 d6 10. Qd3 Qc7 11. Bd2 a6 12. Rac1 Be6 13. b3 Rac8 14. Rc2 Bd7 15. Rfc1 Rfd8 16. Bg5 Bc6 17. Bh3 e6 18. Nd5 Bxd5 19. cxd5 Qd7 20. dxe6 fxe6 21. Rxc8 Rxc8 22. Rxc8+ Qxc8 23. Qxd6 Kf7 24. Bg2 h6 25. Be3 Qc2 26. Bf3 Qb1+ 27. Kg2 Qxa2 28. Qc7+ Kg8 29. Qxb7 e5 30. Qb8+ Kh7 31. Qxe5 Qxb3 32. Bd4 Ne8 33. Qe7 Qa4 34. e3 Qb5 35. Be4 1-0

[Event "Joao Pessoa de Assis Memorial 2nd"]
[Site "Joao Pessoa"]
[Date "2022.10.23"]
[Round "5"]
[White "Da Silva, Giovanni B Tavares"]
[Black "De Oliveira, Lincoln Robert Lem"]
[Result "1-0"]
[WhiteElo "1549"]
[BlackElo "1693"]
[PlyCount "49"]
[EventDate "2022.10.21"]
[EventType "swiss"]
[EventRounds "6"]
[EventCountry "BRA"]
[SourceTitle "CBM 210 Extra"]
[Source "ChessBase"]
[SourceDate "2022.11.30"]
[SourceVersion "1"]
[SourceVersionDate "2022.11.30"]
[SourceQuality "1"]

1. e4 c5 2. Nf3 Nc6 3. d4 cxd4 4. Nxd4 g6 5. Nc3 Bg7 6. Be3 Nf6 7. Bc4 0-0 8. Bb3 d6 9. f3 Nd7 10. Qd2 Qa5 11. 0-0-0 a6 12. g4 Nde5 13. Rdf1 b5 14. h4 Qb4 15. a3 Qa5 16. h5 g5 17. Kb1 h6 18. Nxc6 Nxc6 19. Bxg5 Bxc3 20. bxc3 hxg5 21. Qxg5+ Kh7 22. Bxf7 Ne5 23. Bg6+ Kg7 24. h6+ Kh8 25. Qxe7 1-0

[Event "Joao Pessoa de Assis Memorial 2nd"]
[Site "Joao Pessoa"]
[Date "2022.10.22"]
[Round "3"]
[White "Da Silva, Giovanni B Tavares"]
[Black "Dantas, Francisco"]
[Result "1-0"]
[WhiteElo "1549"]
[BlackElo "1923"]
[PlyCount "71"]
[EventDate "2022.10.21"]
[EventType "swiss"]
[EventRounds "6"]
[EventCountry "BRA"]
[SourceTitle "CBM 210 Extra"]
[Source "ChessBase"]
[SourceDate "2022.11.30"]
[SourceVersion "1"]
[SourceVersionDate "2022.11.30"]
[SourceQuality "1"]

1. e4 c5 2. Nf3 d6 3. d4 cxd4 4. Nxd4 Nf6 5. Nc3 a6 6. f3 e5 7. Nb3 Be7 8. Be3 Be6 9. Qd2 Nbd7 10. 0-0-0 Qc7 11. Kb1 b5 12. g4 0-0 13. h4 Nb6 14. Bxb6 Qxb6 15. h5 b4 16. Nd5 Bxd5 17. exd5 a5 18. g5 Nd7 19. g6 a4 20. Nc1 h6 21. Bh3 Nc5 22. Nd3 Bg5 23. f4 exf4 24. gxf7+ Kh8 25. Be6 b3 26. Nxc5 bxa2+ 27. Kxa2 Qxc5 28. Qd3 Rab8 29. Rb1 Bf6 30. Rh2 Rb7 31. c3 Rb3 32. Rc2 Rfb8 33. Qa6 a3 34. Qa4 Rxb2+ 35. Rcxb2 axb2 36. Qe8+ 1-0

[Event "Natal zt 2.4"]
[Site "Natal"]
[Date "2022.10.08"]
[Round "9"]
[White "Da Silva, Giovanni B Tavares"]
[Black "Alves, Luiz Henrique De Ar"]
[Result "1-0"]
[WhiteElo "1549"]
[BlackElo "1664"]
[PlyCount "63"]
[EventDate "2022.10.03"]
[EventType "swiss"]
[EventRounds "9"]
[EventCountry "BRA"]
[SourceTitle "EXT 2024"]
[Source "ChessBase"]
[SourceDate "2023.10.10"]
[SourceVersion "1"]
[SourceVersionDate "2023.10.10"]
[SourceQuality "1"]

1. e4 e5 2. Nf3 d6 3. d4 Nf6 4. Nc3 exd4 5. Nxd4 Be7 6. Bc4 0-0 7. 0-0 Nbd7 8. Nf5 Ne5 9. Nxe7+ Qxe7 10. Be2 c6 11. f4 Ned7 12. Bf3 Re8 13. Re1 Nc5 14. b3 Nfd7 15. Bb2 f6 16. Ne2 Ne6 17. Nd4 Nxd4 18. Qxd4 Nc5 19. Rad1 Ne6 20. Qd2 Rd8 21. Ba3 c5 22. c3 Rb8 23. f5 Ng5 24. Bxc5 Nf7 25. Bxa7 Ra8 26. Bb6 Re8 27. Bh5 Ra6 28. Bf2 Bd7 29. Be2 Ra3 30. Bc4 Bc6 31. Bg3 Bxe4 32. Bxd6 1-0

[Event "Natal zt 2.4"]
[Site "Natal"]
[Date "2022.10.06"]
[Round "6"]
[White "Da Silva, Giovanni B Tavares"]
[Black "Macedo, Maximo Valerio"]
[Result "1/2-1/2"]
[WhiteElo "1549"]
[BlackElo "1879"]
[PlyCount "83"]
[EventDate "2022.10.03"]
[EventType "swiss"]
[EventRounds "9"]
[EventCountry "BRA"]
[SourceTitle "EXT 2024"]
[Source "ChessBase"]
[SourceDate "2023.10.10"]
[SourceVersion "1"]
[SourceVersionDate "2023.10.10"]
[SourceQuality "1"]

1. e4 e5 2. Nf3 Qe7 3. Bc4 g6 4. 0-0 Bg7 5. d4 d6 6. Nc3 c6 7. dxe5 dxe5 8. a3 Nf6 9. Qe2 0-0 10. Ne1 Be6 11. Bxe6 Qxe6 12. Nd3 Nbd7 13. f3 Rfd8 14. Be3 Bf8 15. Qf2 b6 16. b3 Ne8 17. a4 Nc7 18. Rfd1 c5 19. Nb2 Be7 20. Nc4 Nf8 21. g4 f6 22. h3 Rxd1+ 23. Rxd1 Rd8 24. Rxd8 Bxd8 25. Qd2 Be7 26. Bh6 Qd7 27. Bxf8 Qxd2 28. Nxd2 Bxf8 29. Nc4 Kf7 30. Ne3 Ke6 31. Ncd5 Nxd5 32. Nxd5 f5 33. gxf5+ gxf5 34. c4 f4 35. Nc7+ Kd7 36. Nb5 a6 37. Nc3 Kc6 38. Nd5 b5 39. axb5+ axb5 40. h4 h5 41. Kg2 bxc4 42. bxc4 1/2-1/2

[Event "Natal zt 2.4"]
[Site "Natal"]
[Date "2022.10.04"]
[Round "3"]
[White "Da Silva, Giovanni B Tavares"]
[Black "De Saboya E Silva, Jose Frederic"]
[Result "0-1"]
[WhiteElo "1549"]
[BlackElo "1962"]
[PlyCount "72"]
[EventDate "2022.10.03"]
[EventType "swiss"]
[EventRounds "9"]
[EventCountry "BRA"]
[SourceTitle "EXT 2024"]
[Source "ChessBase"]
[SourceDate "2023.10.10"]
[SourceVersion "1"]
[SourceVersionDate "2023.10.10"]
[SourceQuality "1"]

1. e4 c5 2. Nf3 e6 3. d4 cxd4 4. Nxd4 a6 5. Bd3 Nc6 6. Nxc6 bxc6 7. 0-0 Qc7 8. Be3 d5 9. c4 dxe4 10. Bxe4 Nf6 11. Bf3 Bd6 12. h3 Rb8 13. Qc2 Be5 14. Nc3 0-0 15. Rad1 c5 16. b3 Nd7 17. Be2 Bb7 18. f4 Bxc3 19. Qxc3 Nf6 20. Qe5 Rbc8 21. Bf3 Bxf3 22. Rxf3 a5 23. Qxc7 Rxc7 24. Kh2 g6 25. a4 Ne4 26. Rd3 Rb7 27. Bd2 Ra8 28. Bc1 f5 29. Kg1 Kf7 30. Kf1 h6 31. g4 Ke7 32. Ke2 Rb6 33. Kd1 Rb7 34. Kc2 Kf6 35. Rd1 Ke7 36. Rfd3 Nf2 0-1

[Event "Natal Potiguar op 11th"]
[Site "Natal"]
[Date "2019.06.08"]
[Round "3"]
[White "Da Silva, Giovanni B Tavares"]
[Black "Jordao Barbosa, Marcio Ferre"]
[Result "0-1"]
[WhiteElo "1476"]
[BlackElo "2162"]
[PlyCount "88"]
[EventDate "2019.06.07"]
[EventType "swiss"]
[EventRounds "6"]
[EventCountry "BRA"]
[SourceTitle "EXT 2020"]
[Source "ChessBase"]
[SourceDate "2019.10.17"]
[SourceVersion "1"]
[SourceVersionDate "2019.10.17"]
[SourceQuality "1"]

1. e4 e5 2. Nf3 Nc6 3. Bc4 Nf6 4. d4 exd4 5. 0-0 Nxe4 6. Re1 d5 7. Bxd5 Qxd5 8. Nc3 Qh5 9. Nxe4 Be6 10. Nxd4 Qxd1 11. Rxd1 0-0-0 12. Be3 Nxd4 13. Bxd4 f6 14. c3 b6 15. Be3 Rxd1+ 16. Rxd1 Bxa2 17. Ra1 Bd5 18. Nd2 a5 19. c4 Be6 20. c5 Kb7 21. cxb6 cxb6 22. Kf1 Bb4 23. Ke2 Rc8 24. Kd1 Bd5 25. g3 Bd6 26. Rc1 Rd8 27. Ke2 Be5 28. b3 Bf7 29. f3 Bd5 30. Nc4 Bc7 31. Nd2 Re8 32. f4 Bd6 33. Kf2 Rd8 34. Ke2 Be6 35. Kf2 Ba3 36. Rb1 Bf5 37. Ra1 Bd6 38. Nc4 Bc7 39. Ke2 Bg4+ 40. Kf2 Rd3 41. Nd2 Rc3 42. Rb1 Rc2 43. Kg1 Be6 44. b4 a4 0-1

[Event "Natal Potiguar op 11th"]
[Site "Natal"]
[Date "2019.06.07"]
[Round "1"]
[White "Da Silva, Giovanni B Tavares"]
[Black "Macedo, Maximo Valerio"]
[Result "1/2-1/2"]
[WhiteElo "1476"]
[BlackElo "1989"]
[PlyCount "57"]
[EventDate "2019.06.07"]
[EventType "swiss"]
[EventRounds "6"]
[EventCountry "BRA"]
[SourceTitle "EXT 2020"]
[Source "ChessBase"]
[SourceDate "2019.10.17"]
[SourceVersion "1"]
[SourceVersionDate "2019.10.17"]
[SourceQuality "1"]

1. e4 c5 2. Nf3 d6 3. d4 cxd4 4. Nxd4 Nf6 5. Nc3 a6 6. f3 e6 7. Be3 Be7 8. Qd2 Nbd7 9. 0-0-0 Qc7 10. Kb1 Ne5 11. Be2 Nc4 12. Bxc4 Qxc4 13. g4 b5 14. h4 Bb7 15. h5 h6 16. b3 Qc7 17. Ncxb5 axb5 18. Nxb5 Qc6 19. Nxd6+ Kf8 20. Nxb7 Qxb7 21. c4 Bb4 22. Qf2 Qc6 23. Rhg1 Nxe4 24. fxe4 Qxe4+ 25. Kc1 Ba3+ 26. Kd2 Bb4+ 27. Kc1 Ba3+ 28. Kd2 Bb4+ 29. Kc1 1/2-1/2

[Event "BRA-ch U12"]
[Site "Florianopolis"]
[Date "2019.04.21"]
[Round "6"]
[White "Sarda, Pedro Sada"]
[Black "Da Silva, Giovanni B Tavares"]
[Result "1-0"]
[WhiteElo "1450"]
[BlackElo "1528"]
[PlyCount "43"]
[EventDate "2019.04.18"]
[EventType "swiss"]
[EventRounds "6"]
[EventCountry "BRA"]
[SourceTitle "CBM 190 Extra"]
[Source "ChessBase"]
[SourceDate "2019.07.15"]
[SourceVersion "1"]
[SourceVersionDate "2019.07.15"]
[SourceQuality "1"]

1. e4 e5 2. d4 exd4 3. Nf3 d6 4. Nxd4 Nf6 5. Nc3 Be7 6. Bd3 0-0 7. 0-0 Be6 8. f4 Bg4 9. Qe1 Nh5 10. Bd2 Nd7 11. Nf3 Nc5 12. Nd5 Nxd3 13. Nxe7+ Qxe7 14. cxd3 Rfe8 15. Ng5 h6 16. Nf3 Bd7 17. Rc1 Bb5 18. Qe3 d5 19. Rfe1 dxe4 20. dxe4 Bc6 21. Ne5 Nxf4 22. Nxc6 1-0